| 000 | 00478nam a2200157Ia 4500 | ||
|---|---|---|---|
| 003 | OSt | ||
| 005 | 20231103153805.0 | ||
| 008 | 230125s9999 xx 000 0 und d | ||
| 020 | _a8185835608 | ||
| 082 |
_a333 _bGILE |
||
| 100 | _aGill, Sucha Singh & others | ||
| 245 | 0 | _aEconomic Cooperation and Infrastructural linkages between two Punjab's : way ahead | |
| 260 |
_bCenter for research in Rural and industrial development _c2012 _aChindigarh |
||
| 300 | _a153p | ||
| 942 |
_cBK _2ddc |
||
| 999 |
_c39 _d39 |
||